000 00798nam a22002414a 4500
005 20080729164931.0
008 080416s2008 waua 001 0 eng
010 _aENG-91492
020 _a8177355074
_c50.00
035 _aEN-75025
037 _bDBAD / PUB
040 _aDPL
_bEnglish
082 _a005
100 _aMohan, S.
245 _aInformation technology /
_cby S. Mohan
260 _aChennai
_bPavai Publications
_c2007
270 _a142, Jani Jan Khan Raod, Royapettah,
_bChennai
_e600014
300 _aii, 136p.
_c20cm (pbk)
650 _aInformation technology
650 _aInternet
942 _2ddc
_cEN
_mMOH
_h005
999 _c17513
_d17513